000
00271nam a22001217a 4500
008
170310b xxu||||| |||| 00| 0 alb d
041
_a
alb
080
_a
616.5
100
_a
7
101
_a
SHM
245
_a
DERMATOLOGJIA DHE VENEROLOGJIA
_c
KERCIKU, K.S
942
_2
udc
_c
BK
999
_c
7476
_d
7476